Democratization in the Muslim world : (Record no. 13844)

000 -LEADER
fixed length control field 01249cam a2200361 a 4500
001 - CONTROL NUMBER
control field 15725440
005 - DATE AND TIME OF LATEST TRANSACTION
control field 20170105102840.0
008 - FIXED-LENGTH DATA ELEMENTS--GENERAL INFORMATION
fixed length control field 090505s2007 enka b 001 0 eng
010 ## - LIBRARY OF CONGRESS CONTROL NUMBER
LC control number 2009294090
015 ## - NATIONAL BIBLIOGRAPHY NUMBER
National bibliography number GBA671929
Source bnb
016 7# - NATIONAL BIBLIOGRAPHIC AGENCY CONTROL NUMBER
Record control number 013536837
Source Uk
020 ## - INTERNATIONAL STANDARD BOOK NUMBER
International Standard Book Number 0415411475 (hbk.)
020 ## - INTERNATIONAL STANDARD BOOK NUMBER
International Standard Book Number 9780415411479 (hbk.)
035 ## - SYSTEM CONTROL NUMBER
System control number (OCoLC)ocn176786198
040 ## - CATALOGING SOURCE
Original cataloging agency UKM
Transcribing agency UKM
Modifying agency BAKER
-- DLC
042 ## - AUTHENTICATION CODE
Authentication code ukscp
-- lccopycat
043 ## - GEOGRAPHIC AREA CODE
Geographic area code f------
-- a------
050 00 - LIBRARY OF CONGRESS CALL NUMBER
Classification number JQ1852.A91
Item number D48 2007
082 04 - DEWEY DECIMAL CLASSIFICATION NUMBER
Classification number 321.8091767
Edition number 22
245 00 - TITLE STATEMENT
Title Democratization in the Muslim world :
Remainder of title changing patterns of power and authority /
Statement of responsibility, etc. edited by Frédéric Volpi and Francesco Cavatorta.
260 ## - PUBLICATION, DISTRIBUTION, ETC.
Place of publication, distribution, etc. London :
Name of publisher, distributor, etc. Routledge,
Date of publication, distribution, etc. 2007.
300 ## - PHYSICAL DESCRIPTION
Extent 170 p. :
Other physical details ill. ;
Dimensions 24 cm.
440 #0 - SERIES STATEMENT/ADDED ENTRY--TITLE
Title Democratization studies ;
Volume/sequential designation 11
504 ## - BIBLIOGRAPHY, ETC. NOTE
Bibliography, etc. note Includes bibliographical references and index.
650 #0 - SUBJECT ADDED ENTRY--TOPICAL TERM
Topical term or geographic name entry element Democratization
Geographic subdivision Islamic countries.
650 #0 - SUBJECT ADDED ENTRY--TOPICAL TERM
Topical term or geographic name entry element Islam and politics
Geographic subdivision Islamic countries.
651 #0 - SUBJECT ADDED ENTRY--GEOGRAPHIC NAME
Geographic name Islamic countries
General subdivision Politics and government.
700 1# - ADDED ENTRY--PERSONAL NAME
Personal name Volpi, Frédéric.
700 1# - ADDED ENTRY--PERSONAL NAME
Personal name Cavatorta, Francesco.
906 ## - LOCAL DATA ELEMENT F, LDF (RLIN)
a 7
b cbc
c copycat
d 2
e ncip
f 20
g y-gencatlg
942 ## - ADDED ENTRY ELEMENTS (KOHA)
Source of classification or shelving scheme
Koha item type Book
Holdings
Withdrawn status Lost status Damaged status Not for loan Collection code Permanent Location Current Location Shelving location Date acquired Total Checkouts Full call number Barcode Date last seen Price effective from Koha item type
          Centre for International Peace & Stability (CIPS) Centre for International Peace & Stability (CIPS) General Stacks 08/01/2013   321.8091767 DEM 2007 CIPS0000040 08/02/2013 01/05/2017 Book
© 2023 Central Library, National University of Sciences and Technology. All Rights Reserved.